000 00460nam a22001457a 4500
008 160804b xxu||||| |||| 00| 0 eng d
020 _a9780195734836
050 _aPL8702.I82
100 _aIslam, Islam K. [et al...]
_924596
245 _aKiswahili
_c/ Islam K. Islam [et al...]
260 _aKenya
_bOxford University Press, East Africa Ltd
_c2009
300 _aviii, 240p. ;
_c25cm.
650 _aSwahili language
_yGrammar
_924597
942 _2lcc
_cMONOGRAPH
999 _c124846
_d124846